-
VIDYABHUSANA ,SRILA BALADEVA
Entry Personal Name
Number of records used in: 1
001 - CONTROL NUMBER
003 - CONTROL NUMBER IDENTIFIER
005 - DATE AND TIME OF LATEST TRANSACTION
- control field:
20220226125523.0
008 - FIXED-LENGTH DATA ELEMENTS
- fixed length control field:
220226|| aca||aabn | a|a d
040 ## - CATALOGING SOURCE
- Original cataloging agency:
OSt
- Transcribing agency:
OSt
100 ## - HEADING--PERSONAL NAME
- Personal name:
VIDYABHUSANA ,SRILA BALADEVA
670 ## - SOURCE DATA FOUND
- Source citation:
Work cat.: (OSt): VIDYABHUSANA ,SRILA BALADEVA, BHAGAVAD GETA, 1972